000 00667nam a22002417a 4500
003 UA-OsUOA
001 121837
007 ta
008 20170331b un ||||| |||| 00| 0 ukr d
100 _aКеллерман Б.
090 _a821.161.1
_bК34
942 _cBK
040 _aUA-OsUOA
_brus
_cUA-OsUOA
_dUA-OsUOA
245 _aДевятое ноября. Пляска смерти
_bроман
300 _a703 с.
955 _a3
041 _arus
080 _a821.161.1
591 _aДімаров А.
260 _aМ.
_bГослитиздат
_c1959
650 7 _a82 Література. Літературознавство
_2UDC
999 _c407940
_d407940